[Event "Cuiaba Contaud op"]
[White "Alves, Guilherme Frederico"]
[Black "Manica, Joao Paulo"]
[Site "Cuiaba"]
[Round "6"]
[Result "0-1"]
[Date "2024.11.24"]
[WhiteElo "1748"]
[BlackElo "1800"]
[PlyCount "83"]
[EventDate "2024.11.22"]
[EventType "swiss"]
[EventRounds "6"]
[EventCountry "BRA"]
[SourceTitle "CB49_2024"]
[SourceDate "2024.12.04"]
[SourceVersion "1"]
[SourceVersionDate "2024.12.04"]
[SourceQuality "1"]

1. e4 c5 2. d3 e6 3. Nc3 Nc6 4. g3 d5 5. Bg2 Nf6 6. Bg5 Be7 7. Rb1 d4 8. Na4 Qa5+ 9. c3 e5 10. a3 b5 11. b4 cxb4 12. axb4 Qxa4 13. Qxa4 bxa4 14. b5 Rb8 15. c4 Bb4+ 16. Kf1 Bc3 17. Ke2 Bg4+ 18. f3 Be6 19. Bd2 a3 20. Rb3 a2 21. Ra3 a1Q 22. Rxa1 Bxa1 23. bxc6 Rb2 24. Nh3 a5 25. Rxa1 0-0 26. Rxa5 Rc8 27. Ng5 Rxc6 28. Nxe6 Rxe6 29. Bh3 Re8 30. Ra1 h6 31. Rc1 g5 32. Bf5 Kf8 33. c5 Ra8 34. Rd1 Ne8 35. h4 Rc2 36. hxg5 hxg5 37. Ke1 Nf6 38. c6 Rxc6 39. Bxg5 Kg7 40. f4 Nh5 41. g4 Ng3 42. fxe5 0-1

[Event "Cuiaba Contaud op"]
[White "Da Silva, Marcelo Batista"]
[Black "Alves, Guilherme Frederico"]
[Site "Cuiaba"]
[Round "2"]
[Result "1-0"]
[Date "2024.11.22"]
[WhiteElo "1605"]
[BlackElo "1748"]
[PlyCount "52"]
[EventDate "2024.11.22"]
[EventType "swiss"]
[EventRounds "6"]
[EventCountry "BRA"]
[SourceTitle "CB49_2024"]
[SourceDate "2024.12.04"]
[SourceVersion "1"]
[SourceVersionDate "2024.12.04"]
[SourceQuality "1"]

1. e4 e5 2. f4 d6 3. Nf3 Bg4 4. Bc4 Nc6 5. c3 Nf6 6. Qb3 Na5 7. Bxf7+ Ke7 8. Qa4 Kxf7 9. Ng5+ Ke7 10. Qxa5 h6 11. fxe5 hxg5 12. exf6+ gxf6 13. 0-0 c6 14. Qb4 Qb6+ 15. Qxb6 axb6 16. d4 Bg7 17. h3 Bd7 18. b3 c5 19. d5 Bb5 20. Rf3 Be2 21. Re3 Bd1 22. Bd2 Bh6 23. Re1 Bc2 24. Na3 Bd3 25. Rad1 Ba6 26. c4 g4 1-0